000 01206nam0a2200325 4500
001 RU\NLR\BIBL_A\012317022
005 20250624014419.0
035 _a(NLR Aleph) 012317022
090 _a11401107
_c11401107
100 _a20200818d1931 |||y0rusy50 ca
101 0 _aady
102 _aRU
105 _aa z 000 y
181 0 _ai
_baxxe
182 0 _an
200 1 _aКъинехьжьугъэхэмкIэ дин - нэкIмазэм зэрарэу пылъхэр
_fзытхыгъэр БжъэшIо Ю.
203 _aТекст
_bвизуальный
_cнепосредственный
210 _aКраснодар
_cАдыгэхэкутхлътедз
_cКрайнациздат
_d1931
215 _a29 с.
_d17
300 _aЛатин. графика
541 1 _aКакой вред приносит трудящимся религия "Начмаз"
_zrus
606 1 _aУраза
_92074849
_3RU\NLR\AUTH\661249870
606 1 _aАнтирелигиозная пропаганда
_9978686
_3RU\NLR\AUTH\6649457
686 1 _aЭ38
686 1 _aЭ16
702 1 _aБжэшIо
_bЮ.
_4220
852 _aNLR
_bОНЛ
_jАдыг./2-71
942 _cBOOK
980 _aNB